| 000 | 00659nam a2200205 a 4500 | ||
|---|---|---|---|
| 001 | 000019122 | ||
| 005 | 20250723150125.0 | ||
| 008 | 100526s1987 dr 000 e spa d | ||
| 040 |
_aDO-SdBNP _bspa _cBNPHU |
||
| 082 |
_aRD868.44 _bS638p |
||
| 100 | 1 |
_aSmester, Rosa _d1916-1924 _941146 |
|
| 245 | 1 | 0 |
_aProsas / _cRosa Smester. |
| 260 |
_aSanto Domingo : _bFERILIBRO, _c1987. |
||
| 300 |
_a84 p. ; _c22 cm. |
||
| 590 | _aInventariado, 2019/MFF | ||
| 650 | 0 |
_aProsa dominicana _912146 |
|
| 650 | 0 |
_aLiteratura dominicana. _967 |
|
| 710 | 2 |
_aComisión Permanente de la Feria del Libro (República Dominicana) _91237 |
|
| 910 | _aValidado. Control de calidad MFF | ||
| 999 |
_c18640 _d18640 |
||